Type the sentences as fast as you can ! - Statistics

General Stats
  • This quiz has been taken 158 times
  • The average score is 8 of 12
Answer Stats
Text Type the Text % Correct
I called my friend and then I called my friend and then
96%
the guitar started playing a melodious tune the guitar started playing a melodious tune
95%
at 3 in the morning at 3 in the morning
86%
he started shouting at me for waking him he started shouting at me for waking him
84%
I mean I just wanted to say hi I mean I just wanted to say hi
84%
he banged at my house door and then he banged at my house door and then
76%
he started screaming he started screaming
74%
anyways, I called the cops and he got arrested anyways, I called the cops and he got arrested
62%
thank god for that thank god for that
59%
he was such a nuisance he was such a nuisance
53%
moral of the story ? moral of the story ?
46%
never wake up your friend at 3AM never wake up your friend at 3AM
32%
No matching quizzes found
Score Distribution
Percent of People with Each Score
Percentile by Number Answered
Your Score History
You have not taken this quiz